| 000 | 00369nam a2200145Ia 4500 | ||
|---|---|---|---|
| 008 | 230917s9999||||xx |||||||||||||| ||und|| | ||
| 040 |
_e218197 _aMAIN |
||
| 041 | _aEnglish | ||
| 082 | _a822.33 S15H:T | ||
| 100 | _aShakespeare, William | ||
| 245 | 0 | _aTitus Andronicus | |
| 260 |
_aCambridge _bCambridge University Press _c2012 |
||
| 300 | _axi, 180 p. | ||
| 942 | _cBK | ||
| 999 |
_c177509 _d177509 |
||